|
|
|
|
| LEADER |
01869nam a2200433 i 4500 |
| 001 |
EBC5058079 |
| 003 |
MiAaPQ |
| 005 |
20200520144314.0 |
| 006 |
m o d | |
| 007 |
cr cnu|||||||| |
| 008 |
180216t20182018enka ob 001 0 eng d |
| 020 |
|
|
|z 9781787439078
|
| 020 |
|
|
|a 9781787439061 (e-book)
|
| 035 |
|
|
|a (MiAaPQ)EBC5058079
|
| 035 |
|
|
|a (Au-PeEL)EBL5058079
|
| 035 |
|
|
|a (CaPaEBR)ebr11502856
|
| 035 |
|
|
|a (OCoLC)1020790263
|
| 040 |
|
|
|a MiAaPQ
|b eng
|e rda
|e pn
|c MiAaPQ
|d MiAaPQ
|
| 050 |
|
4 |
|a HB801
|b .C667 2018
|
| 082 |
0 |
|
|a 306.3
|2 23
|
| 245 |
0 |
0 |
|a Consumer culture theory /
|c edited by Samantha N.N. Cross [and three others].
|
| 264 |
|
1 |
|a Bingley, England :
|b Emerald Publishing,
|c 2018.
|
| 264 |
|
4 |
|c 2018
|
| 300 |
|
|
|a 1 online resource (229 pages) :
|b illustrations.
|
| 336 |
|
|
|a text
|2 rdacontent
|
| 337 |
|
|
|a computer
|2 rdamedia
|
| 338 |
|
|
|a online resource
|2 rdacarrier
|
| 490 |
1 |
|
|a Research in Consumer Behavior ;
|v Volume 19
|
| 504 |
|
|
|a Includes bibliographical references at the end of each chapters and index.
|
| 588 |
|
|
|a Description based on online resource; title from PDF title page (EBC, viewed February 16, 2018).
|
| 590 |
|
|
|a Electronic reproduction. Ann Arbor, MI : ProQuest, 2018. Available via World Wide Web. Access may be limited to ProQuest affiliated libraries.
|
| 650 |
|
0 |
|a Consumption (Economics)
|x Social aspects.
|
| 650 |
|
0 |
|a Consumer behavior.
|
| 655 |
|
4 |
|a Electronic books.
|
| 700 |
1 |
|
|a Cross, Samantha N. N.,
|e editor.
|
| 776 |
0 |
8 |
|i Print version:
|t Consumer culture theory.
|d Bingley, England : Emerald Publishing, c2018
|h approximately 212 pages
|k Research in consumer behavior ; Volume 19.
|z 9781787439078
|
| 797 |
2 |
|
|a ProQuest (Firm)
|
| 830 |
|
0 |
|a Research in consumer behavior ;
|v Volume 19.
|
| 856 |
4 |
0 |
|u https://ebookcentral.proquest.com/lib/matrademy/detail.action?docID=5058079
|z Click to View
|